000
003330000a22001450004500
060
_a
100
082
_a
631.8 YAW
100
_a
Agarwal, J.P
100
_a
Yawalkar, K.S
245
_a
Manuers and Fertilizers
260
_a
Agri- Horticultural Publishing House
260
_c
1962
650
_a
Fertilizers / Manuers
942
_c
BK
999
_c
364831
_d
364831